Ranganathan,Dewey and C.V. Raman : (Record no. 519506)
[ view plain ]
| 000 -LEADER | |
|---|---|
| fixed length control field | 00308nam a22000977a 4500 |
| 082 ## - DEWEY DECIMAL CLASSIFICATION NUMBER | |
| Classification number | TNC A99 R162 K141 |
| 100 ## - MAIN ENTRY--PERSONAL NAME | |
| Personal name | Kumar, Girija |
| 9 (RLIN) | 30593 |
| 245 ## - TITLE STATEMENT | |
| Title | Ranganathan,Dewey and C.V. Raman : |
| Remainder of title | Astudy in the arrogance of intellectual power |
| Statement of responsibility, etc | By Girija Kumar |
| 260 ## - PUBLICATION, DISTRIBUTION, ETC. (IMPRINT) | |
| Place of publication, distribution, etc | New Delhi |
| Name of publisher, distributor, etc | Har-anand |
| Date of publication, distribution, etc | 1991 |
| 300 ## - PHYSICAL DESCRIPTION | |
| Extent | 147p. |
No items available.
